000 00449nam a22001817a 4500
003 CEME
005 20210628204058.0
008 210104b xxu||||| |||| 00| 0 eng d
020 _a9693504720
040 _c.
082 _a891.4393 RAZ
100 _aRazia Butt
_91005
245 _aPaoun ki zanjeer
260 _aLAHORE
_bSANG-E-MEEL PUB
_c2004
300 _a297P
650 _aURDU ADAB-NOVEL.URDU LITERATURE-NOVEL.
_920927
942 _cBK
_2ddc
999 _c576147
_d576147